| 000 | 00972 a2200229 4500 | ||
|---|---|---|---|
| 005 | 20081010143928.0 | ||
| 008 | 081010t xxu||||| |||| 00| 0 ur d | ||
| 010 | _aUR-7275 | ||
| 020 |
_c60.00 _a8189461249 |
||
| 035 | _aU-5830 | ||
| 037 | _bD.B.Act/pub | ||
| 082 | _a ک | ||
| 100 | _aمير امن دھلوی | ||
| 245 |
_aبا غ و بہا ر _cمير امن دھلوی |
||
| 246 |
_aBagh-o-Bahar _bby Meer Aman Dehlvi |
||
| 260 |
_aدھلی _bکتا بی دنيا _c2007 |
||
| 270 |
_a1955،گلی نواب مرزا،محلہ قبر ستان اينگلو اربک اسکول کے سامنے تر کما ن گيٹ _bدھلی _e11006 _k01123288452 _mkitabiduniya@rediffmail.com |
||
| 300 |
_a 192 ص _b22 سينٹی ميٹر / |
||
| 650 | _aکہا نی | ||
| 942 |
_adpl _k _cUR _2ddc _hک _mمير امن |
||
| 999 |
_c1575 _d1575 |
||